Nabhi's handbook of vigilance: (Record no. 26436)

MARC details
000 -LEADER
fixed length control field 00834naa a2200217 4500
005 - DATE AND TIME OF LATEST TRANSACTION
control field 20090515151136.0
008 - FIXED-LENGTH DATA ELEMENTS--GENERAL INFORMATION
fixed length control field 090515t xxu||||| |||| 00| 0 eng d
010 ## - LCCN (DPL NO)
LC control number ENG-93531
020 ## - INTERNATIONAL STANDARD BOOK NUMBER
Terms of availability 290.00
International Standard Book Number 8172745982
035 ## - SYSTEM CONTROL NUMBER
System control number EN-77064
037 ## - SOURCE OF ACQUISITION
Source of stock number/acquisition DBAD / PUB
040 ## - CATALOGING SOURCE
Original cataloging agency dpl
Language of cataloging English
082 ## - DEWEY DECIMAL CLASSIFICATION NUMBER
Classification number 342.54068
245 ## - TITLE STATEMENT
Title Nabhi's handbook of vigilance:
Remainder of title procedure & practice
260 ## - PUBLICATION, DISTRIBUTION, ETC. (IMPRINT)
Place of publication, distribution, etc New Delhi
Name of publisher, distributor, etc Nabhi Publications
Date of publication, distribution, etc 2006
270 ## - ADDRESS
Address P.O. Box No. 37,
City New Delhi
Postal code 110001
300 ## - PHYSICAL DESCRIPTION
Extent lviii, 692p.
Dimensions 23cm(pbk)
942 ## - ADDED ENTRY ELEMENTS (KOHA)
Institution code [OBSOLETE] dpl
Item type English Books
Source of classification or shelving scheme Dewey Decimal Classification
Call number suffix NAB
Classification part 342.54068
Holdings
Withdrawn status Lost status Source of classification or shelving scheme Damaged status Not for loan Collection code Home library Current library Date acquired Source of acquisition Cost, normal purchase price Total Checkouts Full call number Barcode Date last seen Copy number Cost, replacement price Koha item type
    Dewey Decimal Classification   Not For Loan Non-fiction D.B.Act.Division D.B.Act.Division 15/05/2009 DBAD / PUB 290.00   342.54068 NAB EN-77064 15/05/2009 1 290.00 English Books

© Delhi Public Library
Hit Counter
free hit counter